The Japanese experience in technology : (Record no. 14652)

MARC details
000 -LEADER
fixed length control field 01067nam a2200301 a 4500
001 - CONTROL NUMBER
control field 2035709
003 - CONTROL NUMBER IDENTIFIER
control field 000
005 - DATE AND TIME OF LATEST TRANSACTION
control field 20170727091950.0
007 - PHYSICAL DESCRIPTION FIXED FIELD--GENERAL INFORMATION
fixed length control field 000
008 - FIXED-LENGTH DATA ELEMENTS--GENERAL INFORMATION
fixed length control field 920109s1990 ja b i001 0 eng
010 ## - LIBRARY OF CONGRESS CONTROL NUMBER
LC control number 92102529
020 ## - INTERNATIONAL STANDARD BOOK NUMBER
International Standard Book Number 9280805665
040 ## - CATALOGING SOURCE
Original cataloging agency UOEL
Transcribing agency DLC
043 ## - GEOGRAPHIC AREA CODE
Geographic area code a-ja---
050 00 - LIBRARY OF CONGRESS CALL NUMBER
Classification number HC465.T4
Item number J367 1990
082 00 - DEWEY DECIMAL CLASSIFICATION NUMBER
Classification number 338/.064/0952
Edition number 20
245 04 - TITLE STATEMENT
Title The Japanese experience in technology :
Remainder of title from transfer to self-reliance /
Statement of responsibility, etc. [edited by] Takeshi Hayashi.
260 ## - PUBLICATION, DISTRIBUTION, ETC. (IMPRINT)
Place of publication, distribution, etc. Tokyo, Japan :
Name of publisher, distributor, etc. United Nations University Press,
Date of publication, distribution, etc. c1990.
300 ## - PHYSICAL DESCRIPTION
Extent xi, 282 p. ;
Dimensions 24 cm.
440 #0 - SERIES STATEMENT/ADDED ENTRY--TITLE
Title Technology transfer, transformation, and development
504 ## - BIBLIOGRAPHY, ETC. NOTE
Bibliography, etc Includes bibliographical references (p. 261-271) and index.
650 #0 - SUBJECT ADDED ENTRY--TOPICAL TERM
Topical term or geographic name as entry element Technological innovations
General subdivision Economic aspects
Geographic subdivision Japan.
Topical term or geographic name as entry element Technology transfer
General subdivision Economic aspects
Geographic subdivision Japan.
700 1# - ADDED ENTRY--PERSONAL NAME
Personal name Hayashi, Takeshi.
906 ## - LOCAL DATA ELEMENT F, LDF (RLIN)
a 7
b cbc
c orignew
d 2
e ncip
f 19
g y-gencatlg
942 ## - ADDED ENTRY ELEMENTS (KOHA)
Source of classification or shelving scheme Library of Congress Classification
Koha item type SES Book
Holdings
Withdrawn status Lost status Source of classification or shelving scheme Damaged status Not for loan Home library Current library Shelving location Date acquired Total Checkouts Full call number Barcode Date last seen Copy number Price effective from Koha item type
    Library of Congress Classification     UOE Main Library UOE Main Library Open shelf 27/07/2017   HC465.T4 J367 1990 20066022 27/04/2026 20066022 27/07/2017 SES Book